000 00358nam a2200145Ia 4500
008 230711s9999||||xx |||||||||||||| ||und||
041 _aENG
082 _a539
_bRI-P
100 _aRichtmyer,FLK
245 0 _aIntroduction to modern Physics
250 _a1st
260 _c1990
_aNew DElhi
_bTata McGraw Hill Education Limited
650 _aPhysics
942 _cBK
999 _c724
_d724